MARC

LEADER 00000nam0a2200000 4500
001 168854
005 20231101222802.0
035 |a (RuTPU)RU\TPU\book\183174 
090 |a 168854 
100 |a 20091102d1962 m y0rusy50 ca 
101 0 |a rus 
102 |a RU 
105 |a a j 001zy 
200 1 |a Качественный химический анализ с включением редких и радиактивных элементов  |e учебное пособие  |f Уральский политехнический институт им. С. М. Кирова ; под ред. В. Л. Золотавина 
210 |a Свердловск  |c УПИ  |d  1962 
215 |a 72 с.  |c ил. 
320 |a Библиогр.: с. 64. 
606 1 |a Качественный анализ  |2 stltpush  |3 (RuTPU)RU\TPU\subj\14163  |9 40626 
610 1 |a химия 
610 1 |a химический анализ 
610 1 |a качественный химический анализ 
610 1 |a редкие элементы 
610 1 |a радиоактивные элементы 
610 1 |a химические реакции 
610 1 |a хроматографический анализ 
610 1 |a учебные пособия 
675 |a 543.061(075.8)  |v 3 
702 1 |a Золотавин  |b В. Л.  |4 340 
712 0 2 |a Уральский политехнический институт им. С. М. Кирова  |c (Свердловск)  |c (1948-1992)  |2 stltpush  |3 (RuTPU)RU\TPU\col\1982  |9 23638 
801 1 |a RU  |b 63413507  |c 20091102 
801 2 |a RU  |b 63413507  |c 20140901  |g RCR 
942 |c BK